000 00282nam a2200097Ia 4500
001 1076151
005 20250827002251.0
008 250824s9999 xx 000 0 und d
245 0 _aANADOLU SELÇUKLU SANATININ GEOMETRİK DİLİ 3
_cSERAP EKİZLER SÖNMEZ
260 _bKETEBE YAYINLARI
999 _c1076151
_d1076151